000 01836cam a22004694i 4500
003 PE-LiUPU
005 20250731173000.0
008 150623s r 000 0 d
020 _a0830719288
035 _a(Sirsi) i9780830719280
040 _aPE-LiUPU
_bspa
_cPE-LiUPU
_erda
049 _aPRUA
082 0 4 _a253
_bS79
_221
100 1 _aSteinbron, Melvin J.,
_eautor.
245 1 4 _aThe lay driven church /
_cMelvin J. Steinbron.
264 1 _aVentura, California :
_bRegal Books,
_c1997.
300 _a220 páginas :
_bilustraciones, gráficos ;
_c21 centímetros
336 _atext
_2rdacontent
337 _aunmediated
_2rdamedia
338 _avolume
_2rdacarrier
504 _aIncluye bibliografía.
505 0 _aA needs-conscious church. -A gift-oriented church. -An egalitarian church. -A ministry-balanced church. -A biblical church. -A mobilized church. -A failure-resistant church. -conclusions: th kind of church it takes. -What kind of Pastor does it take?. -What kind of person does it take?. -Why laypeople can Pastor. -How to give ministry to the people. -how this ministry fits in your church.
526 _aSEG42
526 _aSEG41
526 _aSEG40
526 _aSEG39
526 _aP94
526 _aP87
526 _aP86
526 _aP85
526 _aP77
526 _aP76
526 _aP35
650 0 4 _aMinisterio laico.
650 0 4 _aTeología pastoral.
_91381
942 _2ddc
_cBOOK
949 _a253 S79
_wDEWEY
_c1
_i45507
_lCCODEBUL1
_mBUL
_r0
_sY
_tBOOK
_u2015-6-24
_xTEOLOGIA
_PP35
_0COMPRA
_o.STAFF. Colección General
994 _aC0
_bPEPRU
596 _a1
999 _a253 S79
_wDEWEY
_c22368
_i45507
_f2021-11-12
_g5
_lCCODEBUL1
_mBUL
_r0
_sY
_tBOOK
_u2015-6-24
_xTEOLOGIA
_PP35
_0COMPRA
_o.STAFF. Colección General
_d22368
980 _81
_gALBERTO SANCHEZ Responsable de Automatización